[Event "Niedersachsen-ch Seniors 37th"]
[Site "Wingst"]
[Date "2003.04.15"]
[Round "8"]
[White "Ljubarskaya, Ludmilla"]
[Black "Schwekendiek, Friedrich"]
[Result "1/2-1/2"]
[WhiteElo "2145"]
[BlackElo "1892"]
[PlyCount "38"]
[EventDate "2003.04.08"]
[EventType "swiss"]
[EventRounds "9"]
[EventCountry "GER"]
[SourceTitle "EXT 2006"]
[Source "ChessBase"]
[SourceDate "2005.11.24"]
[SourceVersion "1"]
[SourceVersionDate "2005.11.24"]
[SourceQuality "1"]

1. e4 e5 2. Nf3 d6 3. Bc4 Be7 4. 0-0 Nf6 5. Re1 Bg4 6. c3 Nc6 7. d3 Qd7 8. a4 0-0 9. a5 a6 10. Nbd2 d5 11. exd5 Nxd5 12. Qb3 Nf4 13. Nxe5 Nxe5 14. Rxe5 Bd6 15. Re3 Ne2+ 16. Rxe2 Bxe2 17. Ne4 Be5 18. Qc2 Bg4 19. d4 Bd6 1/2-1/2